Rubicón: auge y caída de la república romana
Na minha lista:
| Autor principal: | |
|---|---|
| Formato: | Livro |
| Idioma: | espanhol |
| Publicado em: |
Barcelona
Planeta
2005
|
| Assuntos: | |
| Tags: |
Adicionar Tag
Sem tags, seja o primeiro a adicionar uma tag!
|
MARC
| LEADER | 00000nam a2200000 a 4500 | ||
|---|---|---|---|
| 001 | UCK7720 | ||
| 003 | CL-VaPUC | ||
| 005 | 20220325074326.0 | ||
| 008 | 051202e20050000SP |||||||||||||||||spa|d | ||
| 999 | |c 315570 |d 315568 | ||
| 020 | |a 840805709X | ||
| 040 | |c Pontificia Universidad Católica de Valparaíso | ||
| 082 | 0 | 4 | |a 937.02 |b HOL |2 21 |
| 100 | |a Holland, Tom |e author |9 557260 | ||
| 245 | 1 | 0 | |a Rubicón: auge y caída de la república romana |
| 260 | |a Barcelona |b Planeta |c 2005 | ||
| 300 | |a 443 p | ||
| 583 | |a last modification |c 20051202 00:00:00 |k Rodrigo Vera | ||
| 600 | 0 | |a Julio César |d 100 A.C.-44 A.C. |9 858621 | |
| 600 | 0 | 7 | |a POMPEYO |2 CL-VaPUC |9 387297 |
| 600 | 0 | 7 | |a CRASO |2 CL-VaPUC |9 387298 |
| 600 | 0 | |a Cicerón, Marco Tulio |e autor |9 255203 | |
| 650 | 0 | |a República romana |9 433651 | |
| 650 | 0 | |a Historia antigua |9 267521 | |
| 651 | 0 | |a Roma |9 255106 | |
| 852 | |a BIBCUR | ||
| 942 | |c BK |2 ddc | ||
| 945 | |d 20051202 00:00:00 |a jtorresc | ||
| 952 | |0 0 |1 0 |4 0 |6 937_020000000000000_HOL_2005 |7 0 |8 A |9 388940 |a BIBHIS |b BIBHIS |d 2019-11-22 |i 4190769 |o 937.02 HOL 2005 |p 4190769 |r 2025-01-20 |w 2019-11-22 |y BK |k HIS | ||